书目信息 |
| 题名: |
汉印文字证
|
|
| 作者: | 罗福颐 编 | |
| 分册: | ||
| 出版信息: | 北京 文物出版社 1978 |
|
| 页数: | 一册 | |
| 开本: | 20cm | |
| 丛书名: | ||
| 单 册: | ||
| 中图分类: | J292.42 | |
| 科图分类: | ||
| 主题词: | 书法--中国 , 篆刻--中国 | |
| 电子资源: | ||
| ISBN: | ||
| 000 | 00566nam0 2200217 450 | |
| 001 | 0655771188 | |
| 005 | 20060629155059.79 | |
| 010 | @dCNY8.00@b精装 | |
| 100 | @a20060629d1978 km y0chiy0120 ea | |
| 101 | 0 | @achi |
| 102 | @aCN@b110000 | |
| 102 | @aCN@b110000 | |
| 200 | 1 | @a汉印文字证@Ahan yin wen zi zheng@f罗福颐编@Fluo fu yi bian |
| 210 | @a北京@c文物出版社@d1978 | |
| 215 | @a一册@d20cm | |
| 606 | 0 | @a书法@x中国 |
| 606 | 0 | @a篆刻@x中国 |
| 690 | @aJ292.42@v3 | |
| 701 | 0 | @a罗福颐@Aluo fu yi@4编 |
| 801 | 0 | @aCN@bPFT@c20060629 |
| 905 | @a10447@dJ292.42@e336 | |
| 汉印文字证/罗福颐编.-北京:文物出版社,1978 |
| 一册;20cm |
| ISBN (精装):CNY8.00 |
| ● |
| 相关链接 |
|
|
|
|
正题名:汉印文字证
索取号:J292.42/336
 
预约/预借
| 序号 | 登录号 | 条形码 | 馆藏地/架位号 | 状态 | 备注 |
| 1 | 0421052 | 204210521 | 密集书库/ [索取号:J292.42/336] | 在馆 | |
| 2 | 0421053 | 204210530 | 密集书库/ [索取号:J292.42/336] | 在馆 |